Black Panther: Wakanda Forever cast - Statistics

General Stats
  • This quiz has been taken 30 times
  • The average score is 7 of 13
Answer Stats
actor character % Correct
Letitia Wright Shuri / Black Panther
100%
Winston Duke M'Baku
78%
Lupita Nyong'o Nakia
78%
Tenoch Huerta Namor
78%
Danai Gurira Okoye
78%
Michael B. Jordan Erik Killmonger
67%
Angela Bassett Queen Ramonda
56%
Martin Freeman Everett Ross
44%
Dominique Thorne Riri Williams / Iron Heart
44%
Mabel Caneda Namora
33%
Alex Livinalli Attuma
22%
Divine Love Konadu-Sun T'Challa
0%
Julia Louis Dreyfus Valentina Allegra De Fontaine
0%
No matching quizzes found
Score Distribution
Percent of People with Each Score
Percentile by Number Answered
Your Score History
You have not taken this quiz